LEADER 00867nam0-2200289---450- 001 990008571690403321 005 20080204074656.0 035 $a000857169 035 $aFED01000857169 035 $a(Aleph)000857169FED01 035 $a000857169 100 $a20071026d1957----km-y0itay50------ba 101 0 $aita 102 $aIT 105 $ay-------001yy 200 1 $aPrincipi di genetica e sistemi di produzione delle sementi delle principali piante erbacee 210 $a[S.l.$cs.n.]$d1957 215 $a71 p.$d28 cm 610 0 $aGenetica vegetale 676 $a631.523$v20$zita 801 0$aIT$bUNINA$gRICA$2UNIMARC 901 $aBK 912 $a990008571690403321 952 $a60 631.523 B 32$b10849$fFAGBC 959 $aFAGBC 996 $aPrincipi di genetica e sistemi di produzione delle sementi delle principali piante erbacee$9711316 997 $aUNINA LEADER 01253nam2-2200397---450 001 990005986410203316 005 20170307102014.0 035 $a000598641 035 $aUSA01000598641 035 $a(ALEPH)000598641USA01 035 $a000598641 100 $a20141201d1991----km-y0itay50------ba 101 $aita 102 $aIT 105 $a||||||||001yy 200 1 $aScene da una vittoria$fFurio Colombo 210 $aRoma$cL'Unità$aMilano$cLeonardo$d1991 215 $a273 p.$d19 cm 225 2 $a<> Libri dell'Unita$iTra cronaca e storia$v7 300 $aSupplemento al n. 63 dell'Unità del 16.3.94 300 $aEdizione fuori commercio 410 0$1001000598634$i2001$a<> Libri dell'Unita$iTra cronaca e storia$v, 7 606 0 $aGuerra del Golfo Persico <1991>$2BNCF 676 $a956.7044 700 1$aCOLOMBO,$bFurio$0105821 801 0$aIT$bsalbc$gISBD 912 $a990005986410203316 951 $aXV.9. Coll. 17/ 7$b709 MAR$cXV.9. Coll.$d359841 951 $abbb$b244391 L.M.$cvvvv $$$ d 393892 959 $aBK 969 $aMAR 969 $aUMA 979 $aIANNONE$b90$c20141201$lUSA01$h1210 979 $aIANNONE$b90$c20141201$lUSA01$h1216 996 $aScene da una vittoria$91080311 997 $aUNISA